| 000 | 00484cam a2200181ua 4500 | ||
|---|---|---|---|
| 020 |
_a81 7029 631 5` _c399.00 |
||
| 041 |
_aeng _h |
||
| 082 |
_a005.369 _bMAN/CO |
||
| 100 | _aMansfield, Ron . | ||
| 245 |
_aCompact guide to microsoft office professional / _cRon Mansfield. _hTextual Documents |
||
| 250 |
_a1 / _b. |
||
| 260 |
_aNew Delhi : _bB P B Publishers , _c1997. |
||
| 300 | _a1191 ; . | ||
| 365 | _a399.00 | ||
| 504 | _a | ||
| 942 | _cBK | ||
| 999 |
_c9566 _d9566 |
||